000 01030nas a2200337 4500
001 BR0505362
003 BR-BrBNA
005 20231205105717.0
007 ta
008 230509b bl.|||p| |||| 00| 00por d
040 _aBR-BrBNA
_bpor
_cBiblioteca Nacional de Agricultura
041 _a(Pt)
072 _aS01; Q04; E70
100 1 _aSouza, V.F. de
100 1 _aModesta, R.C.D.
100 1 _aGonçalves, E.B.
100 1 _aFerreira, J.C.S.
100 1 _aMattos, P.B. de
245 1 _aInfluência dos fatores demográficos e geográfico na preferência da bebida de café no estado do Rio de Janeiro
650 _aCAFÉ TRATADO
650 _aBEBIDA
650 _aCONSUMIDOR
650 _aPESQUISA DE MERCADO
650 _aSABOR
650 _aAROMA
650 _aPREFERÊNCIA ALIMENTAR
650 _aRIO DE JANEIRO
773 0 _tBrazilian Journal of Food Technology (Brazil)
_xISSN 1519-0900
_g(Jan-Jun 2004), v. 7(1) p. 2-7
_wBR0505362
909 _a202311
_bLúcia
_c55
_dLúcia Elande
942 _2AGRIS
_n0
_cANA
999 _c184283
_d184283